[Event "ch-USA"]
[Site "Saint Louis USA"]
[Date "2010.05.18"]
[Round "5"]
[White "Khachiyan,M"]
[Black "Shabalov,A"]
[Result "0-1"]
[WhiteElo "2539"]
[BlackElo "2585"]

1.e4 c5 2.Nf3 d6 3.Bb5+ Nd7 4.d4 cxd4 5.Qxd4 a6 6.Bxd7+ Bxd7 7.Bg5 h6 8.Bh4 Rc8
9.Nc3 e5 10.Qd3 g5 11.Bg3 Nf6 12.O-O-O Qc7 13.h4 Rg8 14.hxg5 hxg5 15.Nd2 b5
16.a3 Be6 17.Kb1 Qb7 18.f3 b4 19.axb4 Qxb4 20.Nd5 Nxd5 21.exd5 Bd7 22.Ne4 Be7
23.Be1 Qb5 24.Qxb5 Bxb5 25.Rh6 g4 26.Bh4 gxf3 27.gxf3 Be2 28.Re1 Bxf3 29.Nxd6+ Bxd6
30.Rxd6 Kf8 31.Bf6 Rg2 32.Re3 Bd1 33.c4 Rb8 34.Bxe5 Bb3 35.Rxb3 Rxb3 36.Bf6 Rb8
37.c5 Rc8 38.c6 Rf2 39.Ka2 Rf4 40.Kb3 Ke8 41.Kc3 a5 42.Kd3 a4 43.Ke3 Rf1
44.Kd4 Rf3 45.Ke4 Rf2 46.Bd4 Rh2 47.Rd7 Ra8 48.Bf6 Rf2 49.Bd4 Rh2 50.Bc5 Ra5
51.Bb6 Rh4+ 52.Kd3 Rb5 53.Rd8+ Ke7 54.d6+ Ke6 55.c7 Rb3+ 56.Ke2 Rxb2+ 57.Kf3 Rc4
58.d7 Rc3+ 59.Kg4 f5+ 60.Kh5  0-1

[Event "4th All China Games Rapid"]
[Site "Hefei CHN"]
[Date "2010.05.19"]
[Round "9"]
[White "Liang Jinrong"]
[Black "Xu Jun"]
[Result "1/2-1/2"]
[WhiteElo "2462"]
[BlackElo "2508"]

1.e4 c5 2.Nf3 d6 3.Bb5+ Nd7 4.O-O a6 5.Bxd7+ Bxd7 6.d4 e6 7.dxc5 dxc5 8.Ne5 Nf6
9.Bg5 Be7 10.Nc3 Qc7 11.Nxd7 Qxd7 12.Qxd7+ Nxd7 13.Bxe7 Kxe7 14.Rfd1 Rhd8
15.Kf1 b5 16.Ke2 g5 17.Rd2 Ne5 18.Rxd8 Rxd8 19.Rd1 Rg8 20.f3 h5 21.Kf2 h4
22.h3 Rc8 23.Ne2 b4 24.c3 a5 25.b3 bxc3 26.Nxc3 c4 27.Ne2 Nd3+ 28.Ke3 Nb4
29.bxc4 Rxc4 30.Rc1 Rxc1 31.Nxc1 a4 32.f4 Kf6 33.Kf3 e5 34.fxe5+ Kxe5 35.a3 Nc2
36.Nd3+ Kd4 37.Nb2 Nxa3 38.Nxa4 Nc4 39.Kg4 Ne3+ 40.Kxg5 Nxg2 41.Kf5 Ne3+
42.Kg5 Kxe4 43.Kxh4 Kf4 44.Nc5 Ke5  1/2-1/2

[Event "4th All China Games Rapid"]
[Site "Hefei CHN"]
[Date "2010.05.20"]
[Round "11"]
[White "Yu Shaoteng"]
[Black "Xiu Deshun"]
[Result "0-1"]
[WhiteElo "2529"]
[BlackElo "2508"]

1.e4 c5 2.Nf3 d6 3.Bb5+ Nd7 4.d4 cxd4 5.Qxd4 a6 6.Bxd7+ Bxd7 7.O-O Rc8 8.Nc3 e5
9.Qd3 h6 10.Nd2 Nf6 11.Nc4 Be6 12.Ne3 Be7 13.b3 O-O 14.Bb2 Nd7 15.g3 Nc5
16.Qe2 Bg5 17.Rad1 Bxe3 18.Qxe3 f5 19.exf5 Bxf5 20.Rd2 Ne6 21.Ne4 Bxe4 22.Qxe4 Ng5
23.Qd5+ Kh8 24.f4 Qb6+ 25.Kg2 Rc5 26.fxg5 Rxf1 27.Qe6 Rf8 28.gxh6 Qc6+ 29.Kh3 Qc8
30.hxg7+ Kxg7 31.Rxd6 Qxe6+ 32.Rxe6 Rh8+ 33.Kg4 Rxh2 34.Kf5 Rf2+ 35.Ke4 Kf7
36.Rb6 Rb5 37.Rxb5 axb5 38.Bxe5 Ke6 39.Bf4 Rxc2 40.Kd4 b6 41.Kd3 Rxa2 42.Bc7 Kd7
43.Bxb6 Rg2 44.Kc3 Kc6 45.Bd8 Rxg3+ 46.Kb4 Rd3 47.Bf6 Kb6 48.Be5 Ka6 49.Bf6 Rd5
50.Be7 Rf5 51.Bd8 Rf4+ 52.Kc5 Rf8 53.Be7 Re8 54.Bf6 Re1 55.Bd8 Rc1+ 56.Kb4 Rd1
57.Bg5 Rd4+ 58.Kc5 Rd3 59.Kb4 Kb6 60.Bf6 Rd5 61.Bg7 Rf5 62.Bd4+ Ka6 63.Be3 Re5
64.Bd4 Re4 65.Kc5 Ka5 66.Bc3+ b4 67.Bd2 Rh4 68.Be1 Rg4 69.Bd2 Re4 70.Bh6 Re2
71.Bg7 Rc2+ 72.Kd4 Rc3 73.Be5 Kb5 74.Bd6 Rxb3  0-1

[Event "4th All China Games Rapid"]
[Site "Hefei CHN"]
[Date "2010.05.20"]
[Round "11"]
[White "Ning Chunhong"]
[Black "Tan Zhongyi"]
[Result "0-1"]
[WhiteElo "2347"]
[BlackElo "2464"]

1.e4 c5 2.Nf3 d6 3.Bb5+ Bd7 4.Bxd7+ Nxd7 5.O-O Ngf6 6.Re1 e6 7.c4 Be7 8.Nc3 a6
9.b3 Ne5 10.Qe2 O-O 11.Bb2 Nfd7 12.Nxe5 dxe5 13.d3 Nb8 14.Bc1 Nc6 15.Be3 b6
16.Red1 Bg5 17.Qd2 Bxe3 18.Qxe3 Qc7 19.Rd2 Rfd8 20.Rad1 Rd7 21.a3 Rad8 22.Rb2 Qd6
23.h3 h6 24.Na2 Qd4 25.Qxd4 Rxd4 26.Rbd2 Na5 27.Nc1 b5 28.cxb5 axb5 29.Ne2 Nxb3
30.Nxd4 Nxd2 31.Nxb5 Rxd3 32.Kh1 Nxe4 33.Ra1 c4 34.f3 c3 35.Kh2 Nc5 36.a4 Nb3
37.Ra2 Nd4 38.Ra1 c2 39.Rc1 Rd1  0-1

[Event "Campomanes Mem WIM"]
[Site "Ankara TUR"]
[Date "2010.05.21"]
[Round "9"]
[White "Kaya,E"]
[Black "Bensdorp,L"]
[Result "0-1"]
[WhiteElo "2006"]
[BlackElo "2119"]

1.e4 c5 2.Nf3 d6 3.Bb5+ Nd7 4.d4 Nf6 5.Nc3 cxd4 6.Qxd4 e5 7.Qd3 h6 8.Qd4 a6
9.Bxd7+ Bxd7 10.a4 Be7 11.O-O Bf8 12.Qd3 Be6 13.Rd1 Be7 14.Be3 b6 15.Na2 Qc7
16.Nb4 Bc4 17.Bxb6 Qc8 18.Qe3 a5 19.Nd5 Bxd5 20.exd5 Qxc2 21.Nxe5 dxe5 22.d6 Bxd6
23.Rxd6 O-O 24.Qxe5 Rfe8 25.Qc3 Qf5 26.Qd3 Qe5 27.h3 Ne4 28.Rd4 Nxf2 29.Qf3 Ne4
30.Rf1 Qe6 31.Bc7 Ng5 32.Qd3 Ra7 33.Rd7 Rxc7 34.Rxc7 Qb6+ 35.Kh1 Qxc7  0-1

[Event "Campomanes Mem WIM"]
[Site "Ankara TUR"]
[Date "2010.05.21"]
[Round "9"]
[White "Sop,S"]
[Black "Tsatsalashvili,K"]
[Result "0-1"]
[WhiteElo "1963"]
[BlackElo "2257"]

1.e4 c5 2.Nf3 d6 3.Bb5+ Nc6 4.O-O a6 5.Bxc6+ bxc6 6.d4 cxd4 7.Qxd4 e5 8.Qd3 Nf6
9.c4 Nd7 10.Bg5 Nc5 11.Qc2 Be7 12.Bxe7 Qxe7 13.Nc3 Bg4 14.Nb1 Bc8 15.Nc3 Bg4
16.Nd2 O-O 17.b4 Ne6 18.Nb3 Nf4 19.f3 Be6 20.Ne2 Qa7+ 21.Kh1 Nxe2 22.Qxe2 Qb6
23.Rac1 Qxb4 24.c5 Bxb3 25.axb3 Rfd8 26.cxd6 Rxd6 27.Qc4 Qxc4 28.Rxc4 Rb8
29.b4 Rb6 30.Kg1 Rd4 31.Rfc1 Rxc4 32.Rxc4 f6 33.Kf2 Kf7 34.Ke3 Ke6 35.Kd3 Kd6
36.g3 Rb5 37.h4 h5 38.Ke3 a5 39.bxa5 Rxa5 40.Rb4 Ra3+ 41.Kf2 Ra2+ 42.Kg1 c5
43.Rb6+ Kc7 44.Rb1 Kc6 45.g4 hxg4 46.fxg4 c4 47.g5 fxg5 48.hxg5 Kc5 49.Rb7 c3
50.Rxg7 c2 51.Rc7+ Kd6 52.Rc3 Ra1+  0-1

[Event "BSG Pinkster GpA"]
[Site "Bossum NED"]
[Date "2010.05.23"]
[Round "5"]
[White "Punt,R"]
[Black "Beerdsen,Thomas"]
[Result "1-0"]
[WhiteElo "2098"]
[BlackElo "1956"]

1.e4 c5 2.Nf3 d6 3.Bb5+ Bd7 4.Bxd7+ Qxd7 5.O-O Nc6 6.c3 Nf6 7.Qe2 g6 8.d4 cxd4
9.cxd4 Bg7 10.Nc3 O-O 11.Rd1 Rfd8 12.Bf4 Qg4 13.Bg5 h6 14.h3 Qd7 15.Bf4 g5
16.Bg3 Rac8 17.d5 Na5 18.Nd4 Rc4 19.Nf5 Nxe4 20.Nxh6+ Bxh6 21.Nxe4 Rdc8 22.b3 Rc2
23.Qh5 Bg7 24.Qxg5 Kf8 25.Rac1 Rxa2 26.Nxd6 Rxc1 27.Rxc1 exd6 28.Bxd6+ Kg8
29.Be5 f6 30.Bxf6 Qf7 31.Rc8+ Kh7 32.Bxg7  1-0

[Event "34th Open"]
[Site "Fourmies FRA"]
[Date "2010.05.23"]
[Round "4"]
[White "Rott,G"]
[Black "Lobzhanidze,D"]
[Result "0-1"]
[WhiteElo "2208"]
[BlackElo "2517"]

1.e4 c5 2.Nf3 d6 3.Bb5+ Nc6 4.O-O Bd7 5.c4 e5 6.h3 Be7 7.Nc3 Nf6 8.d3 O-O
9.a3 Ne8 10.Ne1 f5 11.f4 exf4 12.Bxf4 Bf6 13.Nf3 g5 14.Bxc6 Bxc6 15.Be3 f4
16.Bf2 h5 17.Ne1 Bxc3 18.bxc3 Ng7 19.g3 Bd7 20.Kh2 fxg3+ 21.Kxg3 Qf6 22.Qd2 Rf7
23.Ra2 Raf8 24.Kg2 h4 25.Rh1 Nh5 26.Qe3 Nf4+ 27.Kg1 Qe6 28.d4 Nxh3+ 29.Rxh3 Qxh3
30.Qxh3 Bxh3 31.dxc5 dxc5 32.Nd3 b6 33.Ne5 Rf6 34.Rd2 Bc8 35.Be3 Re6 36.Ng4 Rxe4
37.Nh6+ Kh7 38.Bxg5 Re5  0-1

[Event "34th Open"]
[Site "Fourmies FRA"]
[Date "2010.05.23"]
[Round "5"]
[White "Lebon,J"]
[Black "Le Quang,K"]
[Result "0-1"]
[WhiteElo "2028"]
[BlackElo "2312"]

1.e4 c5 2.Nf3 d6 3.Bb5+ Bd7 4.Bxd7+ Qxd7 5.O-O Nf6 6.e5 dxe5 7.Nxe5 Qc8 8.Qe2 e6
9.Nc3 Be7 10.d4 cxd4 11.Nb5 O-O 12.Nxd4 Nbd7 13.Nc4 Nc5 14.Rd1 Nd5 15.Ne5 f6
16.Nd3 Re8 17.c4 Nb6 18.Nxc5 Bxc5 19.b3 e5 20.Nb5 Re6 21.Be3 a6 22.Nc3 Bd4
23.Rac1 Qc6 24.a4 Rae8 25.a5 Nc8 26.Nd5 Ne7 27.Nb6 Nf5 28.Nd5 Ne7 29.Nb6 Bxb6
30.Bxb6 f5 31.Rc3 e4 32.Be3 Ng6 33.Qd2 Ne5 34.Qd5 Nd3 35.Bb6 f4 36.Qxc6 bxc6
37.f3 Ne5 38.fxe4 Ng4 39.h3 Nf6 40.Rcd3 Rxe4 41.Rd8 Kf7 42.Rxe8 Rxe8 43.Kf1 Ke6
44.Bc7 Kf5 45.Rd6 Ne4 46.g4+ fxg3 47.Rxc6 h5 48.Rxa6 h4 49.Rb6 Nd2+ 50.Kg1 Re1+
51.Kg2 Re2+ 52.Kh1 Rh2+ 53.Kg1 Nf3+ 54.Kf1 Rf2+  0-1

[Event "2nd Kahraman Olgac Mem"]
[Site "Instanbul TUR"]
[Date "2010.05.24"]
[Round "2"]
[White "Strikovic,A"]
[Black "Yilmaz,M"]
[Result "1-0"]
[WhiteElo "2557"]
[BlackElo "2476"]

1.e4 c5 2.Nf3 d6 3.Bb5+ Nd7 4.O-O Nf6 5.Re1 e5 6.c3 Be7 7.d4 O-O 8.a4 a6
9.Bf1 Re8 10.d5 b6 11.Nbd2 Bf8 12.Nc4 g6 13.b4 Qc7 14.Rb1 Rb8 15.b5 axb5
16.axb5 Ra8 17.g3 Bg7 18.Nh4 Rf8 19.Bg2 Ne8 20.Qd3 Qd8 21.Be3 Rb8 22.Ra1 Rb7
23.Ra8 Nb8 24.Qb1 f5 25.exf5 gxf5 26.Bc1 Qf6 27.Qb3 Kh8 28.Ra3 f4 29.Nf3 Bf5
30.Ncd2 Re7 31.Ne4 Bxe4 32.Rxe4 Qg6 33.Nh4 Qf7 34.c4 fxg3 35.Qxg3 Nf6 36.Re2 Nh5
37.Qh3 e4 38.Ra8 Nd7 39.Rxf8+ Nxf8 40.Nf5 Rd7 41.Nxg7 Nxg7 42.Bxe4 Ng6 43.Bb2 Kg8
44.Qh6 Nf8 45.Re3 Qh5 46.Qxh5 Nxh5 47.Bf5 Ra7 48.Kg2 Ra2 49.Bc3 Nf4+ 50.Kf3 N4g6
51.Kg3 Ra4 52.Bd3 Kf7 53.f4 Ne7 54.Kg4 Ra2 55.h4 Ng8 56.Kh3 Ng6 57.Kg3 Nf8
58.Bf5  1-0

[Event "2nd Limpedea Cup"]
[Site "Baia Sprie ROM"]
[Date "2010.05.26"]
[Round "3"]
[White "Warakomski,T"]
[Black "Burnoiu,N1"]
[Result "1/2-1/2"]
[WhiteElo "2499"]
[BlackElo "2403"]

1.e4 c5 2.Nf3 d6 3.Bb5+ Bd7 4.Bxd7+ Qxd7 5.c4 Nc6 6.Nc3 g6 7.d4 cxd4 8.Nxd4 Bg7
9.Nde2 Nf6 10.f3 O-O 11.O-O Qd8 12.Be3 Rc8 13.b3 a6 14.a4 Nd7 15.Rb1 Nc5
16.b4 Nd7 17.c5 dxc5 18.bxc5 Na5 19.Nd5 e6 20.Nb6 Nxb6 21.cxb6 Nc4 22.Bf4 Qe7
23.Kh1 Rc6 24.Qb3 Rfc8 25.Rfc1  1/2-1/2

[Event "XXIX Open A"]
[Site "Zalakaros HUN"]
[Date "2010.05.27"]
[Round "2"]
[White "Rigo,Ja"]
[Black "Lazar,An"]
[Result "1-0"]
[WhiteElo "2340"]
[BlackElo "2132"]

1.e4 c5 2.Nf3 d6 3.Bb5+ Nc6 4.O-O Bd7 5.c3 Nf6 6.Re1 e5 7.d4 Qc7 8.Na3 Be7
9.d5 Nb8 10.b4 O-O 11.bxc5 Qxc5 12.Rb1 b6 13.Qd3 Rc8 14.c4 a6 15.Be3 Qc7
16.Bxb6 Qb7 17.Bxd7 Nbxd7 18.c5 Nxb6 19.Rxb6 Qa7 20.Qb3 Rab8 21.Nc4 Rxb6
22.cxb6 Qd7 23.Na5 Bd8 24.Nc6 Qb7 25.Nd2 Nd7 26.Nc4 Nc5 27.Nxd6 Qd7 28.b7 Rxc6
29.dxc6  1-0

[Event "III Copa Roggio A"]
[Site "Asuncion PAR"]
[Date "2010.05.29"]
[Round "9"]
[White "Delgado Ramirez,N"]
[Black "Mareco,S"]
[Result "1/2-1/2"]
[WhiteElo "2595"]
[BlackElo "2535"]

1.e4 c5 2.Nf3 d6 3.Bb5+ Nd7 4.c3 Nf6 5.Qe2 a6 6.Ba4 b5 7.Bc2 e5 8.O-O Be7
9.a4 b4 10.d4 cxd4 11.cxd4 O-O 12.b3 Bb7 13.Bb2 exd4 14.Nxd4 Re8 15.Nd2 Bf8
16.Nf5 g6 17.Ne3 Rc8 18.Rad1 Nc5 19.f3 d5 20.Ndc4 Ncd7 21.Kh1 Bc5 22.exd5 Bxe3
23.Nxe3 Rxe3 24.Qxe3 Rxc2 25.Qd4 Bxd5 26.Ba1 Qb8 27.Qh4 Rc6 28.Rd4 a5 29.Rd3 Qc8
30.Qg5 Rc5 31.Bxf6 Qa6 32.Rfd1 Nxf6 33.h4 Qc6 34.Qh6 Rc3 35.Qg5 Rxd3 36.Rxd3 Kg7
37.Qd2 h6 38.Qf4 Qc2 39.Qe3 h5 40.Kg1 Be6 41.Kh1 Kh7 42.Rd6 Qb2 43.Qc5 Qxb3
44.Qxa5 Qc3 45.Kh2 Qc4 46.Rb6 Qxh4+ 47.Kg1 b3 48.Qb4 Qg5 49.Rb5 Qe3+ 50.Kh2 Nd7
51.a5 Ne5 52.Kg3 g5 53.Qe4+ Qxe4 54.fxe4 Bc4 55.Rb6 Kg7 56.Kf2 h4 57.Ke3 g4
58.Kf4 h3 59.gxh3 gxh3 60.Kg3 Nd3 61.a6 Bxa6  1/2-1/2

[Event "ch-CHN"]
[Site "Xinghua CHN"]
[Date "2010.05.29"]
[Round "6"]
[White "Ni Hua"]
[Black "Ji Dan"]
[Result "1-0"]
[WhiteElo "2667"]
[BlackElo "2379"]

1.e4 c5 2.Nf3 d6 3.Bb5+ Bd7 4.Bxd7+ Qxd7 5.c4 Nc6 6.Nc3 Ne5 7.d4 Nxf3+ 8.gxf3 Nf6
9.dxc5 dxc5 10.Bf4 Nh5 11.Be3 e6 12.Qb3 Be7 13.Rd1 Qc6 14.Qb5 Rc8 15.Ke2 a6
16.Qxc6+ Rxc6 17.Rd3 Bd6 18.Rhd1 Bc7 19.f4 O-O 20.Kf3 g6 21.Rd7 Rb8 22.Nd5 exd5
23.cxd5 Rf6 24.Rxc7 Nxf4 25.e5 Rf5 26.Ke4 Nh3 27.d6  1-0

[Event "14th Chicago Open"]
[Site "Wheeling USA"]
[Date "2010.05.30"]
[Round "7"]
[White "Khachiyan,M"]
[Black "Sarkar,J"]
[Result "1-0"]
[WhiteElo "2539"]
[BlackElo "2378"]

1.e4 c5 2.Nf3 d6 3.Bb5+ Nd7 4.d4 Nf6 5.Nc3 cxd4 6.Qxd4 e5 7.Qd3 h6 8.O-O Be7
9.Be3 O-O 10.Bc4 Qc7 11.h3 Nc5 12.Bxc5 Qxc5 13.Bb3 Bd7 14.Rad1 Rac8 15.Nh4 Rfd8
16.Ng6 Bf8 17.Nxf8 Kxf8 18.Qxd6+ Qxd6 19.Rxd6 Bc6 20.Rxd8+ Rxd8 21.f3 b5
22.Rd1 Rxd1+ 23.Nxd1 a5 24.a3 Nd7 25.Ne3 Nb6 26.Kf2 h5 27.Ke2 h4 28.Nf5 g5
29.Nh6 f6 30.Ng8 Kg7 31.Ne7 Bd7 32.Kd3 Kf8 33.Nd5 Nxd5 34.Bxd5 Ke7 35.c4 Kd6
36.b4 axb4 37.axb4 bxc4+ 38.Kxc4 Ba4 39.b5 Bd1 40.Kb4 Bc2 41.b6 Bd3 42.Bc4 Bxc4
43.Kxc4 Kc6 44.b7 Kxb7 45.Kd5 Kb6 46.Ke6 Kc5 47.Kxf6 Kd4 48.Kxg5 Ke3 49.Kg4 Kf2
50.Kxh4 Kxg2 51.Kg4  1-0

[Event "XXIX Open A"]
[Site "Zalakaros HUN"]
[Date "2010.06.02"]
[Round "8"]
[White "Gergacz,A"]
[Black "Groszpeter,A"]
[Result "0-1"]
[WhiteElo "2417"]
[BlackElo "2530"]

1.e4 c5 2.Nf3 d6 3.Bb5+ Nc6 4.O-O Bd7 5.Re1 Nf6 6.b3 g6 7.Bb2 Bg7 8.d4 cxd4
9.Nxd4 O-O 10.Bxc6 bxc6 11.c4 c5 12.Nc2 a5 13.a4 Qb8 14.Nca3 Bxa4 15.Nd2 Bc6
16.Rb1 Qb7 17.f3 Nh5 18.Bxg7 Nxg7 19.Nc2 Ne6 20.Nf1 Rfb8 21.Qd2 a4 22.b4 cxb4
23.Nxb4 Nc5 24.Qc3 Nb3 25.Nc2 Qa7+ 26.Nfe3 Qa5 27.Qxa5 Nxa5 28.Nd4 Kf8 29.Kf2 Bd7
30.Ke2 Nc6 31.Nxc6 Bxc6 32.Nc2 Bd7 33.Kd2 Be6 34.Kc3 Rxb1 35.Rxb1 a3 36.Ra1 a2
37.Kb3 Kg7 38.Na3 f5 39.exf5 gxf5 40.Rxa2 Kf6 41.Rd2 h5 42.f4 h4 43.Nc2 Bf7
44.Ne3 Ra1 45.Rd1 Ra6 46.Nd5+ Bxd5 47.cxd5 Ra5 48.Rd3 Kg6 49.Rh3 Rxd5 50.Rxh4 e5
51.fxe5 dxe5 52.Rc4 f4 53.Rc2 Kf5 54.Kc3 e4 55.Rd2 Rc5+ 56.Kd4 Rc8 57.Ra2 Rd8+
58.Kc3 f3 59.gxf3 exf3 60.Rd2 Rc8+ 61.Kd4 Kf4 62.Kd3 Rg8 63.Rd1 Rg2 64.h4  0-1

[Event "AES Dominicana"]
[Site "Santo Domingo DOM"]
[Date "2010.06.03"]
[Round "2"]
[White "Subervi,J"]
[Black "Smith,Bry"]
[Result "0-1"]
[WhiteElo "2218"]
[BlackElo "2468"]

1.e4 c5 2.Nf3 d6 3.Bb5+ Nd7 4.O-O Nf6 5.Re1 a6 6.Bf1 b6 7.d4 cxd4 8.Nxd4 Bb7
9.f3 e6 10.c4 Be7 11.Nc3 O-O 12.Kh1 Rc8 13.Bd2 Qc7 14.Rc1 Qb8 15.Be3 Bd8
16.Bg1 Bc7 17.a3 Rfe8 18.b4 Ne5 19.Qd2 Ng6 20.Qa2 h5 21.c5 dxc5 22.bxc5 bxc5
23.Nb3 Nd7 24.Na4 Bf4 25.Rb1 Qe5 26.Nbxc5 Nxc5 27.Nxc5 Rxc5 28.Bxc5 Qxc5
29.Rxb7 Rd8 30.Rb2 Qe5 31.g3 Qc3 32.Qb1 Bd2 33.Rb3 Qf6 34.Rd1 Ne5 35.Be2 h4
36.Rb8 hxg3 37.Rxd2 Rxb8 38.Qxb8+ Kh7 39.Qb3 Qh6 40.Bd1 Qxd2  0-1

[Event "Mitropa Cup w"]
[Site "Chur SUI"]
[Date "2010.06.04"]
[Round "7"]
[White "Olsarova,K"]
[Black "De Seroux,C"]
[Result "1-0"]
[WhiteElo "2191"]
[BlackElo "2028"]

1.e4 c5 2.Nf3 d6 3.Bb5+ Bd7 4.Bxd7+ Qxd7 5.c4 Nf6 6.Nc3 g6 7.d4 cxd4 8.Nxd4 Bg7
9.f3 O-O 10.Be3 Nc6 11.O-O a6 12.Qd2 Rfc8 13.b3 Rab8 14.a4 Qd8 15.Rfd1 Na5
16.Rab1 Nd7 17.Qa2 Ne5 18.Bf2 e6 19.Nde2 Qc7 20.h3 b6 21.Rd2 Nb7 22.Rbd1 Bh6
23.f4 Nc6 24.Kh1 g5 25.Be3 gxf4 26.Bxf4 Bxf4 27.Nxf4 Ne5 28.Nh5 Qe7 29.Rf2 Qh4
30.Nf6+ Kf8 31.Qd2 Ke7 32.Kh2 Rg8 33.Nxg8+ Rxg8 34.Rf4 Qg3+ 35.Kh1 Rg7 36.Rf2 h5
37.Qf4 Qg6 38.Rdf1 Kd7 39.Qf6 Qh7 40.Rd2 Kc6 41.Ne2 Ng6 42.Nd4+ Kc7 43.Nf3 Nc5
44.Ng5 Qg8 45.Rfd1 Nb7 46.Nf3 Nc5 47.Rxd6 Nxe4 48.Rd7+ Kc6 49.Qd4 Ng3+ 50.Kh2  1-0

[Event "TOP 16"]
[Site "Guingamp FRA"]
[Date "2010.06.04"]
[Round "9"]
[White "Genzling,A"]
[Black "Koch,JR"]
[Result "1/2-1/2"]
[WhiteElo "2398"]
[BlackElo "2470"]

1.e4 c5 2.Nf3 d6 3.Bb5+ Nd7 4.d4 Nf6 5.Nc3 a6 6.Bxd7+ Nxd7 7.a4 e6 8.Bg5 Qc7
9.d5 e5 10.Nd2 f6 11.Be3 b6 12.O-O Be7 13.Nc4 O-O 14.Qd3 Bb7 15.b3 Rab8 16.Na3 Qc8
17.Ne2 Rf7 18.c4 Nf8 19.Ng3 g6 20.f4 exf4 21.Bxf4 Nd7 22.Nc2 Bf8 23.Ne1 Qe8
24.Nf3 Qe7 25.Qd2 Bg7 26.Rac1 Bc8 27.Nh4 Ne5 28.Nf3 Rb7 29.Nxe5 fxe5 30.Bg5 Qf8
31.Rxf7 Rxf7 32.Rf1 Rxf1+ 33.Nxf1 h6 34.Bh4 Bd7 35.Qf2 g5 36.Qxf8+ Bxf8 37.Be1 Kf7
38.Ne3 h5 39.g4 h4 40.h3 a5 41.Kg2  1/2-1/2

[Event "9th TCh-BIH Premier"]
[Site "Bihac BIH"]
[Date "2010.06.05"]
[Round "1"]
[White "Rade,M"]
[Black "Kajevic,A"]
[Result "1-0"]
[WhiteElo "2431"]
[BlackElo "1777"]

1.e4 c5 2.Nf3 d6 3.Bb5+ Bd7 4.Bxd7+ Qxd7 5.c4 Nf6 6.Nc3 e6 7.O-O Be7 8.d4 cxd4
9.Nxd4 Nc6 10.Be3 a6 11.Qe2 Rd8 12.Rac1 Qc7 13.f4 h5 14.f5 e5 15.Nf3 Rc8
16.Nd5 Qb8 17.b4 Bd8 18.b5 Ne7 19.Nxf6+ gxf6 20.Qd3 Ba5 21.Rfd1 Bb4 22.bxa6 b6
23.a3 Bc5 24.Bxc5 dxc5 25.Qd7+ Kf8 26.Rd6 Qa8 27.Rxf6 Rg8 28.Nxe5 Rxg2+ 29.Kxg2 Qxe4+
30.Nf3 Qe2+ 31.Kg3 h4+ 32.Kf4 Re8 33.Qd6  1-0

[Event "FSIMA June"]
[Site "Budapest HUN"]
[Date "2010.06.05"]
[Round "1"]
[White "Rooze,J"]
[Black "Szeberenyi,A"]
[Result "1/2-1/2"]
[WhiteElo "2338"]
[BlackElo "2308"]

1.e4 c5 2.Nf3 d6 3.Bb5+ Bd7 4.Bxd7+ Qxd7 5.O-O Nc6 6.c3 Nf6 7.d4 cxd4 8.cxd4 d5
9.e5 Ne4 10.Be3 e6 11.Ne1 h6 12.f3 Ng5 13.Nc3 f5 14.exf6 gxf6 15.f4 Ne4 16.f5 Nxc3
17.Qh5+ Qf7 18.Qxf7+ Kxf7 19.fxe6+ Kxe6 20.bxc3 Bd6 21.Nd3 Ne7 22.Bf4 Bxf4
23.Rxf4 Rac8 24.Nc5+ Kf7 25.Raf1 b6 26.Rxf6+ Ke8 27.Nb7 Rxc3 28.Nd6+ Kd7
29.Nf7 Rh7 30.Rd6+ Kc7 31.Rxh6 Rxh6 32.Nxh6 Rd3 33.Rf7 Kd6 34.g4 Rxd4 35.g5 Re4
36.h4 d4 37.h5 d3 38.Rf8 Kd7 39.Rf2 Rd4 40.Rd2 Rd5 41.Kf2 Ke6 42.Ke3 Rxg5
43.Kxd3 Rxh5 44.Ng4 Nd5 45.Nf2 Rh4 46.Kc2 Kd6 47.Nd3 Rc4+ 48.Kb2 Rd4 49.Kc2 a5
50.a3 b5 51.Rf2 Ne3+ 52.Kd2 Nc4+ 53.Kc3 Rh4 54.Rf6+ Ke7 55.Ra6 Rh3 56.Kd4 a4
57.Nb4 Nxa3 58.Nd5+ Kf7 59.Ra7+ Kf8 60.Kc5 Rh5 61.Kc6 Nc2 62.Kxb5 a3 63.Kc4 Rh4+
64.Kc3 Nd4 65.Nc7 Nc6 66.Rxa3 Rh3+ 67.Kb2 Rxa3 68.Kxa3  1/2-1/2

[Event "II Nezhmetdinov Mem"]
[Site "Kazan RUS"]
[Date "2010.06.05"]
[Round "6"]
[White "Ryskanov,Ildar"]
[Black "Artemjev,N"]
[Result "1/2-1/2"]
[WhiteElo "1976"]
[BlackElo "2034"]

1.e4 c5 2.Nf3 d6 3.Bb5+ Bd7 4.Bxd7+ Qxd7 5.c4 Nf6 6.Nc3 Nc6 7.d4 cxd4 8.Nxd4 g6
9.f3 Bg7 10.Nde2 O-O 11.O-O Rac8 12.b3 a6 13.a4 Nb4 14.Rb1 e6 15.a5 Qc7 16.Bd2 Qc5+
17.Kh1 Nd3 18.Be1 Nxe1 19.Rxe1 Qxa5 20.Qxd6 Rfd8 21.Qf4 Nh5 22.Qe3 Rc6 23.g4 Nf6
24.e5 Nxg4 25.fxg4 Bxe5 26.Nd5 exd5 27.Qxe5 Re6 28.Qc3 Qc5 29.Nf4 Rxe1+ 30.Rxe1 dxc4
31.bxc4 Qd4 32.Qc1 Rc8 33.Qe3 Qxe3 34.Rxe3 Rxc4 35.Nd5 Kg7 36.h3 Rc5 37.Nb6 Rb5
38.Nc4 Rb4 39.Nd6 b6 40.Rf3 f5 41.gxf5 gxf5 42.Nxf5+ Kg6 43.Ne7+ Kg7 44.Nf5+ Kf6
45.Nd4+ Kg6 46.Nc6 Rb2 47.Ne5+ Kg5 48.Nf7+ Kh4 49.Rf4+ Kxh3 50.Ng5+ Kg3 51.Rf1 Rh2+
52.Kg1 Re2 53.Rb1 Re3 54.Nxh7 b5 55.Nf6 Re5 56.Nd7 Rf5 57.Rb3+ Kf4 58.Kf2 Ke4+
59.Ke2 a5 60.Nb6 Kd4 61.Ra3 b4 62.Rd3+ Kc5 63.Na4+ Kb5 64.Nb2 a4 65.Rd8 a3
66.Rb8+ Kc6 67.Rxb4 Rb5 68.Nd3  1/2-1/2

[Event "II Nezhmetdinov Mem"]
[Site "Kazan RUS"]
[Date "2010.06.05"]
[Round "6"]
[White "Abdullin,R"]
[Black "Khazieva,E"]
[Result "0-1"]
[WhiteElo "2135"]
[BlackElo "1796"]

1.e4 c5 2.Nf3 d6 3.Bb5+ Bd7 4.Bxd7+ Nxd7 5.O-O Ngf6 6.Re1 e6 7.c3 Be7 8.d4 cxd4
9.cxd4 d5 10.exd5 Nxd5 11.Nc3 N7b6 12.Nxd5 Qxd5 13.Bg5 Bxg5 14.Re5 Qd6 15.Nxg5 O-O
16.Qd3 g6 17.Qh3 h5 18.Rd1 Rad8 19.Rd3 Nd5 20.Qg3 Nb4 21.Rd1 Nc6 22.Re4 Qxg3
23.hxg3 Rd5 24.f4 Rb5 25.Rd2 Nb4 26.a3 Nd5 27.Nf3 Rc8 28.Ree2 Rb3 29.Rc2 Rxc2
30.Rxc2 Ne3 31.Rc3 Rxc3 32.bxc3 Nc4 33.a4 Nb6 34.a5 Nc4 35.a6 bxa6 36.Kf2 a5
37.Ke2 a4 38.Kd3 a3 39.Ne1 a2 40.Nc2 Nb2+ 41.Ke4 Kf8 42.d5 Ke7 43.Kd4 Kd6
44.dxe6 fxe6 45.c4 Na4 46.Na1 Nc5 47.Kc3 Ne4+ 48.Kd4 Nxg3 49.c5+ Kc6 50.Nb3 Ne2+
51.Ke5 Nc1 52.Na1 Nd3+  0-1

[Event "Copper State Int B"]
[Site "Mesa USA"]
[Date "2010.06.05"]
[Round "3"]
[White "Aldama Degurnay,D"]
[Black "Adelberg,D"]
[Result "1-0"]
[WhiteElo "2447"]
[BlackElo "2186"]

1.e4 c5 2.Nf3 d6 3.Bb5+ Bd7 4.Bxd7+ Qxd7 5.O-O Nf6 6.Re1 Nc6 7.c4 g6 8.b3 Bg7
9.Bb2 O-O 10.d4 cxd4 11.Nxd4 Rfc8 12.Nd2 Nh5 13.Nf1 b5 14.cxb5 Nxd4 15.Bxd4 Qxb5
16.Bxg7 Kxg7 17.Ne3 Nf6 18.Nd5 Nxd5 19.exd5 Rc7 20.Qd4+ Kg8 21.Re3 a5 22.a4 Qc5
23.Qd2 Qc2 24.Qe1 Rc5 25.Rd1 Rac8 26.g3 Rc3 27.Rxe7 Qxb3 28.Kg2 Qxa4 29.Ra7 Qe8
30.Qxe8+ Rxe8 31.Rxa5 Re2 32.Rd4 Rcc2 33.Ra8+ Kg7 34.Rf4 Rc7 35.Rd8  1-0

[Event "9th TCh-BIH Premier"]
[Site "Bihac BIH"]
[Date "2010.06.06"]
[Round "2"]
[White "Dimitrijevic,A"]
[Black "Kadric,D"]
[Result "0-1"]
[WhiteElo "2286"]
[BlackElo "2227"]

1.e4 c5 2.Nf3 d6 3.Bb5+ Bd7 4.Bxd7+ Qxd7 5.O-O Nf6 6.e5 dxe5 7.Nxe5 Qc8 8.Qf3 Nbd7
9.Nc4 e6 10.Nc3 Be7 11.d3 O-O 12.Bf4 Nb6 13.Nd6 Bxd6 14.Bxd6 Re8 15.a4 Nbd5
16.Ne4 Nxe4 17.dxe4 Nf6 18.e5 Nd5 19.Ra3 Qc6 20.Qg4 Ne7 21.Bxe7 Rxe7 22.Rg3 g6
23.Qh4 Rd7 24.Rh3 h5 25.Qg5 Rad8 26.Rxh5 Rd1 27.Rh4 Qa6 28.c4 Qxa4 29.g3 Qc6
30.Qh6 Rxf1+ 31.Kxf1 Qh1+ 32.Ke2 Qd1+ 33.Ke3 Qd3+ 34.Kf4 Rd4+  0-1

[Event "TOP 16"]
[Site "Guingamp FRA"]
[Date "2010.06.06"]
[Round "11"]
[White "Smirin,I"]
[Black "Vachier Lagrave,M"]
[Result "1/2-1/2"]
[WhiteElo "2647"]
[BlackElo "2727"]

1.e4 c5 2.Nf3 d6 3.Bb5+ Bd7 4.Bxd7+ Qxd7 5.c4 Nf6 6.Nc3 g6 7.d4 cxd4 8.Nxd4 Bg7
9.h3 Qc7 10.b3 Qa5 11.Bd2 Nxe4 12.Nxe4 Qe5 13.Qb1 f5 14.Bc3 Qxe4+ 15.Qxe4 fxe4
16.Nb5 Bxc3+ 17.Nxc3 Nc6 18.Nxe4  1/2-1/2

[Event "FSIMA June"]
[Site "Budapest HUN"]
[Date "2010.06.07"]
[Round "3"]
[White "Rooze,J"]
[Black "Tavoularis,N"]
[Result "1-0"]
[WhiteElo "2338"]
[BlackElo "2130"]

1.e4 c5 2.Nf3 d6 3.Bb5+ Bd7 4.Bxd7+ Qxd7 5.O-O Nf6 6.e5 dxe5 7.Nxe5 Qd6 8.Nc4 Qd8
9.d3 Nc6 10.Bf4 g6 11.Re1 Bg7 12.Nd6+ Kf8 13.Nc4 Nd5 14.Bg3 h5 15.Ne5 h4
16.Nxc6 bxc6 17.Be5 Bxe5 18.Rxe5 Qb8 19.Re1 Qxb2 20.Nd2 Rh5 21.Rb1 Qd4 22.Nf3 Qf6
23.Rb7 Re8 24.h3 a5 25.Qe2 Rf5 26.Ne5 Qd6 27.Rd7 Qe6 28.Ra7 Nf4 29.Qe4 Qxa2
30.Nxc6 e5 31.d4 cxd4 32.Rxa5 Qb2 33.Rxe5 Rexe5 34.Nxe5 Kg7 35.Nf3 Rf6 36.Nxd4 Ne6
37.Nf3 Nc5 38.Qc4 Nb7 39.Qxh4 Rxf3 40.gxf3 Qxc2 41.Qd4+  1-0

[Event "TCh-CHN"]
[Site "Shenzhan CHN"]
[Date "2010.06.07"]
[Round "4"]
[White "Xu Yuhua"]
[Black "Fan Yun"]
[Result "1-0"]
[WhiteElo "2478"]
[BlackElo "1962"]

1.e4 c5 2.Nf3 d6 3.Bb5+ Bd7 4.Bxd7+ Qxd7 5.c4 Nf6 6.Nc3 g6 7.d4 cxd4 8.Nxd4 Bg7
9.f3 O-O 10.Be3 Nc6 11.O-O Rac8 12.b3 e6 13.Qd2 Rfd8 14.Rfd1 d5 15.exd5 exd5
16.c5 Ne8 17.Rac1 Nc7 18.Nxc6 Qxc6 19.Bf2 Rd7 20.Ne4 Re8 21.a4 Rde7 22.Nd6 Re2
23.Qb4 Rb8 24.Qa5 Be5 25.Qxa7 Na6 26.Re1 Bxh2+ 27.Kxh2 Rxf2 28.Re7 Rd8 29.Kg1 Rb2
30.Rxb7 Rxd6 31.Rxf7 Rf6 32.Rg7+  1-0

[Event "9th TCh-BIH Premier"]
[Site "Bihac BIH"]
[Date "2010.06.08"]
[Round "4"]
[White "Galic,I2"]
[Black "Tonkovic,R"]
[Result "1/2-1/2"]
[WhiteElo "2388"]
[BlackElo "2133"]

1.e4 c5 2.Nf3 d6 3.Bb5+ Bd7 4.Bxd7+ Nxd7 5.O-O Ngf6 6.Qe2 g6 7.b3 Bg7 8.Bb2 O-O
9.c4 e5 10.d3 Nb6 11.Bc1 Qd7 12.a3 a5 13.Bd2 Nc8 14.Nc3 Ne7 15.Bg5 h6 16.Bxf6 Bxf6
17.Ne1 Bg7 18.Nc2 f5 19.f3 f4 20.Rab1 b6 21.b4 axb4 22.axb4 h5 23.Ra1 Rab8
24.Ra6 Bf6 25.Rfa1 g5 26.Ra7 Qe6 27.Nd5 Nxd5 28.exd5 Qf5 29.Qe4 Qxe4 30.dxe4 cxb4
31.Nxb4 b5 32.Nc6 Rb6 33.Rb1 b4 34.Ra4 b3 35.Ra3 b2 36.Ra2 Rb3 37.Rbxb2 Re3
38.Re2 Rb3 39.Reb2 Re3 40.Rb1  1/2-1/2